000 00539nam a22001817a 4500
003 OSt
005 20260428091008.0
008 260428b |||||||| |||| 00| 0 eng d
020 _a0-395-95825-3
040 _aDWC-Main lib
_cOC
082 _aCirc. 808.3 C579h 2000
100 _aClayton, John J.
245 _aThe Heath introduction to fiction /
_cJohn J. Clayton
260 _aNew York :
_bHoughton Mifflin company,
_cc2000.
300 _axvi 879 pages ;
_c23 cm.
650 _a1. Short stories.
942 _2ddc
_cBK-CIRC
_hCirc.
_n0
999 _c10043
_d10043